| 000 | 00607nam a2200193Ia 4500 | ||
|---|---|---|---|
| 008 | 191130s2007##################000#0#eng## | ||
| 020 | _a9780740765346 | ||
| 040 |
_aACL _cACL |
||
| 082 | _a641.5 KEL | ||
| 100 | _aKelley, Roxie | ||
| 245 |
_aJust a matter of Thyme: a simple collection of satisfying recipes _cRoxie Kelley and Friends, illustrated by Shelly Reeves Smith |
||
| 250 | _a1st edition | ||
| 260 |
_aKansas City, MO _bAndrews McMeel Publishing _c2007 |
||
| 300 | _a165 p. :coll.ill | ||
| 650 | _aFood | ||
| 990 | _a93327bd1ac10000c4187a17dff192b47 | ||
| 991 | _a102997 | ||
| 999 |
_c224787 _d224787 |
||